Relatoria del taller sobre refugiados, desplazados y repatriados centroamericanos /

Na minha lista:
Detalhes bibliográficos
Autores corporativos: Consejo Superior Universitario Centroamericano, CSUCA Center for Inmigration Policy and Refugee Assistance CIPRA
Formato: Texto
Publicado em: San José: CSUCA. CIPRA
Tags: Adicionar Tag
Sem tags, seja o primeiro a adicionar uma tag!

MARC

LEADER 00000 a a2200000 04500
001 21341
003
040
090 |a 093600  
110 |a Consejo Superior Universitario Centroamericano  
245 |a Relatoria del taller sobre refugiados, desplazados y repatriados centroamericanos /  |c Consejo Superior Universitario Centroamericano  
260 |a San José:   |b CSUCA. CIPRA  
300 |a 56 p.  
710 |a CSUCA   |a Center for Inmigration Policy and Refugee Assistance   |a CIPRA  
999 |c 17231  |d 17231